| 000 | 00392nam a22001337a 4500 | ||
|---|---|---|---|
| 008 | 211020b |||||||| |||| 00| 0 eng d | ||
| 082 | _a790.2 PAT | ||
| 245 |
_aAnsaras _ball the visual matters _cA journal of Performing and Visual Arts Spring 2011 |
||
| 260 |
_aNA : _bNiyogi Books, _c2011. |
||
| 300 |
_a148 p. _c24 cm. |
||
| 700 | _aPathy, Dinanth | ||
| 700 | _aRath Kumar Bijay | ||
| 942 | _2ddc | ||
| 999 |
_c8907 _d8908 |
||